Marcas de fuego de las librerías conventuales en la Biblioteca ´Elías Amador´ de Zacatecas (Record no. 1198)

MARC details
000 -CABECERA
campo de control de longitud fija 00771nam a2200193 a 4500
001 - NÚMERO DE CONTROL
campo de control BRCA_1335
005 - FECHA Y HORA DE LA ÚLTIMA TRANSACCIÓN
campo de control 20190320203359.0
008 - DATOS DE LONGITUD FIJA--INFORMACIÓN GENERAL
campo de control de longitud fija 930513s1992 mx-a---##c---#000-0#spa-d
040 ## - FUENTE DE LA CATALOGACIÓN
Centro catalogador/agencia de origen cl
Centro/agencia transcriptor cl
Centro/agencia modificador DLC
050 #4 - SIGNATURA TOPOGRÁFICA DE LA BIBLIOTECA DEL CONGRESO
Número de clasificación Z994.M4
Número de documento/Ítem .V55 1992
100 1# - ENTRADA PRINCIPAL--NOMBRE DE PERSONA
Nombre de persona Villagrán Reyes, Manuel
9 (RLIN) 4368
245 10 - MENCIÓN DE TÍTULO
Título Marcas de fuego de las librerías conventuales en la Biblioteca ´Elías Amador´ de Zacatecas
Mención de responsabilidad, etc. Manuel Villagrán Reyes ; prólogo de Federico Sescosse.
260 ## - PUBLICACIÓN, DISTRIBUCIÓN, ETC.
Lugar de publicación, distribución, etc. Zacatecas
Nombre del editor, distribuidor, etc. Museo Pedro Coronel
Fecha de publicación, distribución, etc. 1992
300 ## - DESCRIPCIÓN FÍSICA
Extensión 53 p.
Otras características físicas il.
Dimensiones 23 cm.
610 24 - PUNTO DE ACCESO ADICIONAL DE MATERIA--NOMBRE DE ENTIDAD CORPORATIVA
Nombre de entidad corporativa o nombre de jurisdicción como elemento de entrada Biblioteca ´Elías Amador´
Subdivisión general Catálogos
Subdivisión geográfica Zacatecas (México)
9 (RLIN) 4369
650 14 - PUNTO DE ACCESO ADICIONAL DE MATERIA--TÉRMINO DE MATERIA
Término de materia o nombre geográfico como elemento de entrada Marcas de propiedad en libros
Subdivisión general Catálogos
Subdivisión geográfica México
9 (RLIN) 4370
650 14 - PUNTO DE ACCESO ADICIONAL DE MATERIA--TÉRMINO DE MATERIA
Término de materia o nombre geográfico como elemento de entrada Bibliotecas monásticas
Subdivisión general Catálogos
Subdivisión geográfica México
9 (RLIN) 4371
942 ## - ELEMENTOS DE PUNTO DE ACCESO ADICIONAL (KOHA)
Fuente del sistema de clasificación o colocación Library of Congress Classification
Tipo de ítem Koha Libros
Holdings
Estado de retiro Estado de pérdida Estado dañado No para préstamo Localización permanente Ubicación/localización actual Fecha de adquisición Total de préstamos Signatura topográfica completa Código de barras Fecha visto por última vez Precio válido a partir de Tipo de ítem Koha
El ejemplar forma parte de la colección y puede ser consultado según las políticas vigentes.       Biblioteca del Museo Franz Mayer (Rogerio Casas-Alatriste) Biblioteca del Museo Franz Mayer (Rogerio Casas-Alatriste) 26/06/2008   Z994.M4 .V55 1992 01851 22/03/2019 22/03/2019 Libros